Tìm hiểu một số phong tục, tập quán, tín ngưỡng, tôn giáo các dân tộc vùng Nam Trung Bộ
Nội dung cuốn sách cung cấp cho đọc giả hiểu sâu hơn về một vùng đất giàu đẹnp, một địa bàn chiến lược quan trọng về kinh tế - xã hội - quốc phòng - an ninh của đất nước. Đặc biệt là những phong tục, tập quán, tính ngưỡng, tôn giáo củ...
Bewaard in:
| Hoofdauteur: | |
|---|---|
| Formaat: | Boek |
| Taal: | Undetermined |
| Gepubliceerd in: |
Hà Nội
Quân đội Nhân dân
2014
|
| Onderwerpen: | |
| Tags: |
Voeg label toe
Geen labels, Wees de eerste die dit record labelt!
|
| Thư viện lưu trữ: | Trung tâm Học liệu Trường Đại học Cần Thơ |
|---|
| LEADER | 01193nam a2200217Ia 4500 | ||
|---|---|---|---|
| 001 | CTU_206546 | ||
| 008 | 210402s9999 xx 000 0 und d | ||
| 020 | |c 64000 | ||
| 082 | |a 305.80095975 | ||
| 082 | |b H561 | ||
| 100 | |a Đặng, Văn Hường | ||
| 245 | 0 | |a Tìm hiểu một số phong tục, tập quán, tín ngưỡng, tôn giáo các dân tộc vùng Nam Trung Bộ | |
| 245 | 0 | |c Đặng Văn Hường (chủ biên), Nguyễn Văn Thiết | |
| 260 | |a Hà Nội | ||
| 260 | |b Quân đội Nhân dân | ||
| 260 | |c 2014 | ||
| 520 | |a Nội dung cuốn sách cung cấp cho đọc giả hiểu sâu hơn về một vùng đất giàu đẹnp, một địa bàn chiến lược quan trọng về kinh tế - xã hội - quốc phòng - an ninh của đất nước. Đặc biệt là những phong tục, tập quán, tính ngưỡng, tôn giáo của các dân tộc vùng Nam Trung Bộ. | ||
| 650 | |a Manners and customs,Phong tục tập quán | ||
| 650 | |z Vietnam,Việt Nam | ||
| 904 | |i Qhieu | ||
| 980 | |a Trung tâm Học liệu Trường Đại học Cần Thơ | ||